| 000 | 00901nam a2200205Ia 4500 | ||
|---|---|---|---|
| 003 | OSt | ||
| 005 | 20240318122516.0 | ||
| 008 | 210210b2012 xxu||||| |||| 00| 0 eng d | ||
| 020 | _a9789381055410 | ||
| 040 | _cAL | ||
| 041 | _aKannada | ||
| 082 | _aK894.8 SHAS | ||
| 100 |
_aSHANKARA MOKASHI PUNEKARA _d ಶಂಕರ ಮೊಕಾಶಿ ಪುಣೇಕರ _9155102 |
||
| 245 |
_aShankara mokashi punekarara samasta sahitya 2: Vastu vinyasa Kannada sahitya samskratigala samskratika odu _bಶಂಕರ ಮೊಕಾಶಿ ಪುಣೇಕರರ ಸಮಸ್ತ ಸಾಹಿತ್ಯ ೨ : ವಸ್ತುವಿನ್ಯಾಸ ಕನ್ನಡ ಸಾಹಿತ್ಯ ಸಂಸ್ಕೃತಿಗಳ ಸಾಂಸ್ಕೃತಿಕ ಓದು |
||
| 260 |
_aBengaluru _bAbhinaya Prakashana _c2012 |
||
| 300 | _axxvii,635 | ||
| 690 |
_aKannada Collections _9155115 |
||
| 906 | _a067324 | ||
| 942 |
_2ddc _cBK |
||
| 999 |
_c149690 _d149690 |
||